00366nam a2200145Ia 4500003000900000008004100009040001600050080001600066100001700082245003300099260003800132300001300170650001800183650001900201IN-BaIIA211028s9999 xx 000 0 eng d cIIA Library a537.56bVON aVon Engel, A 0aIonized gasescA. von Engel. aOxfordbThe Clarendon Pressc1955 ax, 281p. aIonized Gases aNASA Thesaurus